Die Weltliche Schatzkammer in Wien (Record no. 3339)
[ view plain ]
| 000 -CABECERA | |
|---|---|
| campo de control de longitud fija | 00729nam a2200241 a 4500 |
| 001 - NÚMERO DE CONTROL | |
| campo de control | BRCA_3604 |
| 005 - FECHA Y HORA DE LA ÚLTIMA TRANSACCIÓN | |
| campo de control | 20190320204341.0 |
| 008 - DATOS DE LONGITUD FIJA--INFORMACIÓN GENERAL | |
| campo de control de longitud fija | 110809s1959----gw-a---###---#000-0#ger-# |
| 041 ## - CÓDIGO DE LENGUA | |
| Código de lengua del texto/banda sonora o título independiente | ger |
| 044 ## - CÓDIGO DEL PAÍS DE LA ENTIDAD EDITORA/PRODUCTORA | |
| Código MARC del país | gw |
| 050 #4 - SIGNATURA TOPOGRÁFICA DE LA BIBLIOTECA DEL CONGRESO | |
| Número de clasificación | N1677 |
| Número de documento/Ítem | .F55 1959 |
| 100 1# - ENTRADA PRINCIPAL--NOMBRE DE PERSONA | |
| Nombre de persona | Fillitz, Hermann |
| 9 (RLIN) | 9280 |
| 245 10 - MENCIÓN DE TÍTULO | |
| Título | Die Weltliche Schatzkammer in Wien |
| Mención de responsabilidad, etc. | von Hermann Fillitz. |
| 260 ## - PUBLICACIÓN, DISTRIBUCIÓN, ETC. | |
| Lugar de publicación, distribución, etc. | Braunschweig, Alemania |
| Nombre del editor, distribuidor, etc. | Klinkhardt & Biermann |
| Fecha de publicación, distribución, etc. | 1959 |
| 300 ## - DESCRIPCIÓN FÍSICA | |
| Extensión | 46 p. |
| Otras características físicas | il. |
| Dimensiones | 20 cm. |
| 500 ## - NOTA GENERAL | |
| Nota general | B273 |
| 610 24 - PUNTO DE ACCESO ADICIONAL DE MATERIA--NOMBRE DE ENTIDAD CORPORATIVA | |
| Nombre de entidad corporativa o nombre de jurisdicción como elemento de entrada | Kunsthistorisches Museum Schtzkammer (Viena) |
| 9 (RLIN) | 9353 |
| 650 14 - PUNTO DE ACCESO ADICIONAL DE MATERIA--TÉRMINO DE MATERIA | |
| Término de materia o nombre geográfico como elemento de entrada | Sacro Imperio Romano Germánico |
| Subdivisión general | Insignias |
| 9 (RLIN) | 9282 |
| 650 14 - PUNTO DE ACCESO ADICIONAL DE MATERIA--TÉRMINO DE MATERIA | |
| Término de materia o nombre geográfico como elemento de entrada | Insignias reales |
| 9 (RLIN) | 9283 |
| 650 14 - PUNTO DE ACCESO ADICIONAL DE MATERIA--TÉRMINO DE MATERIA | |
| Término de materia o nombre geográfico como elemento de entrada | Galerías y museos |
| Subdivisión geográfica | Austria |
| 9 (RLIN) | 7952 |
| 902 ## - CATALOGADOR | |
| Iniciales | GFM |
| 942 ## - ELEMENTOS DE PUNTO DE ACCESO ADICIONAL (KOHA) | |
| Fuente del sistema de clasificación o colocación | Library of Congress Classification |
| Tipo de ítem Koha | Libros |
| Estado de retiro | Estado de pérdida | Estado dañado | No para préstamo | Localización permanente | Ubicación/localización actual | Fecha de adquisición | Número de inventario | Total de préstamos | Signatura topográfica completa | Código de barras | Fecha visto por última vez | Precio válido a partir de | Tipo de ítem Koha |
|---|---|---|---|---|---|---|---|---|---|---|---|---|---|
| El ejemplar forma parte de la colección y puede ser consultado según las políticas vigentes. | Biblioteca del Museo Franz Mayer (Rogerio Casas-Alatriste) | Biblioteca del Museo Franz Mayer (Rogerio Casas-Alatriste) | 11/08/2009 | B273 | N1677 .F55 1959 (B273) | 3601 | 22/03/2019 | 22/03/2019 | Libros |